VBA developer's handbook

Developers using VBA for programming Microsoft Office and other applications can build customized applications that go far beyond what is possible with simple macros. Written by Mike Gilbert, a key VBA evangelist at Microsoft, and Ken Getz, known to readers around the world for his expertise in Offi...

Description complète

Enregistré dans:
Détails bibliographiques
Auteur principal: Getz, Ken
Format: Livre
Langue:Undetermined
Publié: San Francisco Sybex 2000
Sujets:
Tags: Ajouter un tag
Pas de tags, Soyez le premier à ajouter un tag!
Thư viện lưu trữ: Trung tâm Học liệu Trường Đại học Cần Thơ
LEADER 01201nam a2200205Ia 4500
001 CTU_212550
008 210402s9999 xx 000 0 und d
082 |a 005.3 
082 |b G394 
100 |a Getz, Ken 
245 0 |a VBA developer's handbook 
245 0 |c Ken Getz, Mike Gilbert 
260 |a San Francisco 
260 |b Sybex 
260 |c 2000 
520 |a Developers using VBA for programming Microsoft Office and other applications can build customized applications that go far beyond what is possible with simple macros. Written by Mike Gilbert, a key VBA evangelist at Microsoft, and Ken Getz, known to readers around the world for his expertise in Office and Access programming, this revised edition of the best-selling VBA Developer's Handbook introduces programmers to new features of VBA 6. The bonus CD contains all the sample code from the book, with usable solutions to meet more than 300 programming goals with VBA. 
650 |a Application software,Microsoft Visual Basic for applications,Phần mềm ứng dụng,Ứng Microsoft Visual Basic 
650 |x Development,Phát triển 
904 |i Qhieu 
980 |a Trung tâm Học liệu Trường Đại học Cần Thơ